Poema satíric contra el vici i la mala costum del beure / (Record no. 131413)

MARC details
000 -LEADER
campo de control de longitud fija 00776nam a2200193 4500
001 - NÚMERO DE CONTROL
campo de control 131413
003 - IDENTIFICADOR DE NÚMERO DE CONTROL
campo de control ES-MaACL
005 - FECHA Y HORA DE LA ÚLTIMA TRANSACCIÓN
campo de control 20230906193957.0
007 - CAMPO FIJO DE DESCRIPCIÓN FÍSICA--INFORMACIÓN GENERAL
campo de control de longitud fija t|
008 - DATOS DE LONGITUD FIJA--INFORMACIÓN GENERAL
campo de control de longitud fija 070214s1973 sp r ||||1| cat d
100 1# - ENTRADA PRINCIPAL--NOMBRE DE PERSONA
Nombre de persona Roca y Reus, Guillermo.
9 (RLIN) 98016
245 10 - MENCIÓN DEL TÍTULO
Título Poema satíric contra el vici i la mala costum del beure /
Mención de responsabilidad, etc. per Guillem Roca i Reus ; continuat per Antoni Cabrer, pvre. ; amb una contestació del missèr Joan Ferráa i concláos amb una faula del susdit missèr Roca ; ara editat a cura de Jaume Vidal Alcover.
260 ## - PUBLICACIÓN, DISTRIBUCIÓN, ETC.
Lugar de publicación, distribución, etc. Palma de Mallorca :
Nombre del editor, distribuidor, etc. Moll,
Fecha de publicación, distribución, etc. 1973.
300 ## - DESCRIPCIÓN FÍSICA
Extensión 117 p. ;
Dimensiones 16 cm.
700 1# - ENTRADA AGREGADA--NOMBRE PERSONAL
Nombre de persona Cabrer, Antonio.
9 (RLIN) 33273
700 1# - ENTRADA AGREGADA--NOMBRE PERSONAL
Nombre de persona Ferráa, Joan.
9 (RLIN) 127068
700 1# - ENTRADA AGREGADA--NOMBRE PERSONAL
Nombre de persona Vidal Alcover, Jaume.
9 (RLIN) 114465
852 ## - LOCALIZACIÓN
Ubicación ES-MaACL
Número de control de estantería C-55793
Sublocalización o colección R.88448
Holdings
Estatus retirado Estado de pérdida Estado de daño No para préstamo Biblioteca de origen Biblioteca actual Ubicación en estantería Fecha de adquisición Fuente de adquisición Total de préstamos Signatura topográfica completa Código de barras Visto por última vez Precio de reemplazo Tipo de ítem Koha
        Biblioteca del Ateneo de Madrid Biblioteca del Ateneo de Madrid Depósito 2 17/01/2008     C-55793 1136810 23/02/2023 23/02/2023 Libro impreso